000 00330 a2200157 4500
001 192594
020 _a1-86039-947-9
040 _cMagnum
100 _aNightingale, Sandy
240 1 0 _aDear fairies
_lING
245 1 0 _aDear fairies
300 _a15
362 0 _a1999
697 _aLITERATURA INFANTIL INGLESA
942 _cBK
999 _c192594
_d192594